000 00831nam a2200205 i 4500
001 111282
003 ES-MaACL
005 20250806062541.0
007 t|
008 061121s1981 sp r ||||1| spa d
100 1 _aNegrín Fajardo, Olegario.
_985310
245 1 0 _aPedagogía e ilustración españolas
_b: el ideario educativo de los fundadores de la Sociedad Económica Matritense de Amigos del País /
_cpor Olegario Negrín Fajardo.
260 _aMadrid :
_bInstituto de Estudios Madrileños,
_c1981.
300 _a27 p. ;
_c24 cm.
500 _aSeparata de: Anales del Instituto de Estudios Madrileños, tomo XVIII.
610 2 4 _aReal Sociedad Económica Matritense de Amigos del País.
_96389
710 2 _aInstituto de Estudios Madrileños
_94916
852 _aES-MaACL
_j2135-F-20
_bR.107267
999 _c111282
_d111282